| 000 | 00876nam a22002417a 4500 | ||
|---|---|---|---|
| 003 | OSt | ||
| 005 | 20250808114624.0 | ||
| 008 | 240617s2012 -uka|||ar|||| 00| 1 spa d | ||
| 020 | _a9781445463261 | ||
| 037 | _bDonación | ||
| 040 |
_aCO-JMCR _bspa _cCO-JMCR _dCO-JMCR _erda |
||
| 041 | 1 |
_aspa _heng |
|
| 082 | 0 | 4 |
_aC _bBELh |
| 100 | 3 |
_aSasiain, Almudena, _etraductora _942106 |
|
| 245 | 0 | 3 |
_aLa bella durmiente / _cTraducción Almudena Sasiain. |
| 260 |
_aBarcelona : _bParragon / _c2012 |
||
| 300 |
_a[63] páginas : _bIlustraciones a color ; _c28 cm. |
||
| 520 | 3 | _aEn este relato descubrirás la historia de la princesa Aurora, la maldición de la malvada hada maléfica y cómo Aurora encuentra a su amor verdadero. | |
| 650 | 1 | 4 |
_2JMCR _aRomance _xCuento _943690 |
| 651 | 2 | 4 |
_2JMCR _aAmor _xFantasía _943691 |
| 651 | 3 | 4 |
_2JMCR _aCuento _xHistoria _943692 |
| 942 |
_2ddc _cBK |
||
| 999 |
_c30758 _d17142 |
||